| 000 | 00620cam a22002412 4500 | ||
|---|---|---|---|
| 001 | 0000019166 | ||
| 005 | 20151217152147.0 | ||
| 008 | 101018s xx 000 0 eng d | ||
| 020 | _a | ||
| 040 |
_aKABU _cKABU |
||
| 100 | 1 | _a | |
| 245 | 1 | 0 |
_aGovernance, institutions and the human condition / _cEdited by Elizabeth W. Gachenga ... [et al.] |
| 250 | _a | ||
| 260 |
_aNairobi : _bLawAfrica, _cc2009. |
||
| 300 | _a | ||
| 500 | _aPhotocopy (part). | ||
| 505 | 8 | _aPages. | |
| 650 | 0 |
_a _z |
|
| 700 | 1 |
_aGachenga, Elizabeth W. _@0000178812 |
|
| 700 | 1 | _a | |
| 908 | _a101018 | ||
| 999 |
_c8853 _d8853 |
||